| 000 | 00826nam a22002057a 4500 | ||
|---|---|---|---|
| 999 |
_c15602 _d15602 |
||
| 003 | AR-CdUCM | ||
| 008 | 190429b ||||| |||| 00| 0 spa d | ||
| 040 |
_aMUNICIPALIDAD PROVINCIAL DEL CUSCO _cBIBLIOTECA MUNICIPAL DEL CUSCO |
||
| 082 |
_a348.41 / _bM26 / 1962 |
||
| 100 |
_aMartinez G, S. _910352 |
||
| 245 |
_aLa ley de bases para la reforma agraria decreto - ley N° 14238 : _bLey de expropiación forzosa ley de responsabilidades de funcionarios públicos / |
||
| 260 |
_aLima : _bMartinez, _c1962. |
||
| 300 |
_a78 páginas ; _c17 cm. |
||
| 505 | _aContenido : Ley de bases para la reforma agraria -- Otros decretos leyes de interés generales -- Parte complementaria ... | ||
| 650 |
_aReforma agraria _91861 |
||
| 650 |
_aLeyes _94808 |
||
| 650 |
_aPerú _935 |
||
| 942 |
_2ddc _cLIBROS |
||
| 945 |
_arah _d29/04/2019 |
||